000
00287nam a2200109Ia 4500
008
190914s9999||||xx |||||||||||||| ||und||
100
_a
A.S.Ramasastri
245
0
_a
Quantitative Methods for Banking and Finance
260
_a
New Delhi
_b
Mac Meillan
_c
2008
300
_a
64
942
_c
BK
999
_c
10089
_d
10089